000
00271nam a22001217a 4500
020
_a
0-7131-3507-7
082
_a
621.3815 GIB'E
100
_a
GIBSON, J. R
_9
75615
245
_a
ELECTRONIC LOGIC CIRCUITS
260
_a
LONDON
_b
ELBS
_c
1983
300
_a
119P
942
_c
BK
999
_c
581011
_d
581011